Landlocked Countries Not Containing A - Statistics

General Stats
  • This quiz has been taken 15 times
  • The average score is 6 of 7
Answer Stats
Answer % Correct
Liechtenstein
100%
Burundi
92%
Lesotho
92%
Luxembourg
85%
Niger
85%
Kosovo
77%
Czech Republic
69%
No matching quizzes found
Score Distribution
Percent of People with Each Score
Percentile by Number Answered
Your Score History
You have not taken this quiz